000 00247nam a2200109Ia 4500
008 190914s9999||||xx |||||||||||||| ||und||
100 _aWaheed-u-ddin
245 0 _aAllahoakber
260 _aKarachi
_bFazleesons
_c2011
300 _a450
942 _cBK
999 _c8986
_d8986